[Event "Santiago de Cuba Province-ch final"]
[Site "Santiago de Cuba"]
[Date "2018.09.30"]
[Round "8"]
[White "Cordon Antunez, Olga Rachel"]
[Black "Suarez Rojas, Elionays"]
[Result "0-1"]
[WhiteElo "1854"]
[BlackElo "1938"]
[PlyCount "98"]
[EventDate "2018.09.26"]
[EventType "swiss"]
[EventRounds "9"]
[EventCountry "CUB"]
[SourceTitle "EXT 2021"]
[Source "ChessBase"]
[SourceDate "2020.10.23"]
[SourceVersion "1"]
[SourceVersionDate "2020.10.23"]
[SourceQuality "1"]

1. e4 e5 2. Nf3 Nf6 3. Nxe5 d6 4. Nf3 Nxe4 5. d4 d5 6. Bd3 Nc6 7. c3 Be7 8. 0-0 0-0 9. Nbd2 f5 10. Ne5 Nxe5 11. dxe5 Be6 12. Qc2 Kh8 13. Nf3 c5 14. c4 d4 15. Nd2 Nxd2 16. Bxd2 Qe8 17. f4 Rc8 18. Rf3 b5 19. b3 b4 20. Raf1 Bd7 21. a4 Rc6 22. Rh3 Rg6 23. Rff3 Qa8 24. Rfg3 Rxg3 25. Rxg3 g6 26. Be2 Bc6 27. Bf3 Be4 28. Qd1 a5 29. Rh3 Rd8 30. Be1 Qc6 31. Qd2 Kg7 32. Bf2 h6 33. Bxe4 Qxe4 34. Rd3 g5 35. g3 Kh7 36. h4 gxh4 37. gxh4 Rg8+ 38. Rg3 Rxg3+ 39. Bxg3 Qb1+ 40. Kh2 Qxb3 41. Qe2 d3 42. Qh5 Qxc4 43. Qxf5+ Kh8 44. Qg6 Bf8 45. Qf6+ Bg7 46. Qd8+ Kh7 47. e6 Qa2+ 48. Kg1 Bd4+ 49. Kh1 Qxe6 0-1

[Event "Santiago de Cuba Province-ch final"]
[Site "Santiago de Cuba"]
[Date "2018.09.29"]
[Round "6"]
[White "Llamo Limonta, Denisse Maurie"]
[Black "Suarez Rojas, Elionays"]
[Result "0-1"]
[WhiteElo "1531"]
[BlackElo "1938"]
[PlyCount "52"]
[EventDate "2018.09.26"]
[EventType "swiss"]
[EventRounds "9"]
[EventCountry "CUB"]
[SourceTitle "EXT 2021"]
[Source "ChessBase"]
[SourceDate "2020.10.23"]
[SourceVersion "1"]
[SourceVersionDate "2020.10.23"]
[SourceQuality "1"]

1. d4 d5 2. c4 c6 3. Nc3 Nf6 4. Bg5 dxc4 5. a4 Qa5 6. Bd2 Qb6 7. Bc1 Bf5 8. e3 Na6 9. f3 Nb4 10. e4 Bg6 11. Be3 e5 12. a5 Qc7 13. Bxc4 exd4 14. Bxd4 Rd8 15. Nge2 Bc5 16. 0-0 Qe5 17. f4 Bxd4+ 18. Kh1 Qc5 19. Qb3 0-0 20. Na4 Qe7 21. f5 Bh5 22. Ng3 b5 23. axb6 axb6 24. Nc3 b5 25. Nxh5 Nxh5 26. Rf3 bxc4 0-1

[Event "Villa Santiago op"]
[Site "Santiago de Cuba"]
[Date "2018.08.13"]
[Round "6"]
[White "Rodriguez Ruiz, Jose Manuel"]
[Black "Suarez Rojas, Elionays"]
[Result "1-0"]
[WhiteElo "1884"]
[BlackElo "1962"]
[PlyCount "63"]
[EventDate "2018.08.08"]
[EventType "swiss"]
[EventRounds "7"]
[EventCountry "CUB"]
[SourceTitle "EXT 2021"]
[Source "ChessBase"]
[SourceDate "2020.10.23"]
[SourceVersion "1"]
[SourceVersionDate "2020.10.23"]
[SourceQuality "1"]

1. e4 e5 2. Nf3 Nf6 3. Nc3 Nc6 4. d4 exd4 5. Nxd4 Bb4 6. Nxc6 bxc6 7. Bd3 0-0 8. 0-0 d5 9. exd5 cxd5 10. Bg5 c6 11. Qf3 h6 12. Bh4 Be7 13. h3 Rb8 14. b3 Re8 15. Rae1 Be6 16. Na4 Rb4 17. Bg3 Ne4 18. Bf4 f5 19. Qd1 Qc8 20. c3 Nxc3 21. Nxc3 Rxf4 22. Ne2 Rb4 23. a3 Rb6 24. Nd4 Bd7 25. Qh5 Bf8 26. Nxf5 c5 27. Ne3 d4 28. Bc4+ Be6 29. Nd5 Rd6 30. Rxe6 Rexe6 31. Nf4 Kh8 32. Nxe6 1-0